Contrato de Teletrabalho Estudo Comparado dos Elementos Constitutivos e da Regulamentaȯ̂ Concernente /

Bibliographic Details
Main Author: Barbosa Junior, Francisco de Assis
Format: eBook
Language:Portuguese
Published: San Pablo: LTR, 2019
Subjects:
Online Access:Acceso restringido

MARC

LEADER 00000nam a22000007a 4500
005 20220406214215.0
007 cr|||| ||||
008 220406s2019 br |||||s|||| 00||0 por d
020 |a 978-85-301-0091-9 
035 |a 36024 
040 |a vLex 
090 |c 13118  |d 13118 
100 1 |a Barbosa Junior, Francisco de Assis 
245 1 0 |a Contrato de Teletrabalho  |h [Recurso electrn̤ico] :  |b Estudo Comparado dos Elementos Constitutivos e da Regulamentaȯ̂ Concernente /  |c Francisco de Assis Barbosa Junior 
256 |a Servicio en ln̕ea 
260 |a San Pablo:  |b LTR,  |c 2019 
300 |a 1 recurso electrn̤ico 
506 1 |a Disponible solo en los productos indicados  |d vLex Global  |d vLex Global (Academic Edition, excluding Law Schools)  |d vLex Global (U.S. Academic Edition, Law Schools)  |d vLex Global (U.S. Academic Edition, excluding Law Schools)  |d vLex Global (Academic Edition, Law Schools) 
650 0 4 |a Derecho Laboral y Seguridad Social  |z Brasil 
740 0 |a vLex Libros (Servicio en ln̕ea) 
856 4 0 |u https://app.vlex.com/#/sources/36024  |z Acceso restringido 
942 |c BOOK 
999 0 |a Labor law and social security